Представление документа в формате RUSMARC

ПолеНазваниеЗначение
  Тип записи c
  Библиографический уровень m
001 Контрольный номер RU/УОНБ/EK_N/350067984
005 Дата корректировки 20260409140913.1
010 Индекс ISBN __
9 Тираж 8700 экз.
013 Номер (ISMN) __
d Цена 85 к.
071 Издательские номер (звукозапись и ноты) 21
a Номер, присвоенный агентством 6016
100 Данные общей обработки __
a Данные общей обработки 20170607g1982 u y0rusy0189 ca
101 Язык документа 0_
a Язык текста rus
c Язык оригинала rus
f Язык титульного листа rus
102 Страна публикации __
a Страна публикации RU
125 Кодированные данные звукозаписи и нотных изданий __
a Форма изложения нотного текста с|
128 Кодированные данные (звукозаписи-физические характеристики) __
a Кодированные данные: Музыкальная форма и тональность или лад zz
c Инструменты или голоса, рекомендуемые для солистов (устаревшее) kt||
200 Заглавие и сведения об ответственности 0_
a Заглавие Вып. 37
f Первые сведения об ответственности перелож. М. Панкин
210 Выходные данные 1_
d Дата издания 1982
215 Физическое описание __
a Объем 55 c.
327 Примечание о содержании 11
a Примечание о содержании Содерж.: Соловьев-Седой В. Веселый поезд : из муз. к к/ф "Первая перчатка". - Михайлов А. Волжские напевы. - Бородин А. Половецкая пляска : из оперы "Князь Игорь". - Мусоргский М. Скерцо. - Римский-Корсаков Н. Полет шмеля : из оперы "Сказка о царе Салтане" . - Иванов В. Парафраз на тему русской народной песни "Канава". - Шопен Ф. Вальс № 7. - Дворжак А. Славянский танец. - Сейбер М. Прелюдия и фуга. - Обработки Г. Шендерева : Перевоз Дуня держала ; Пивна ягода : рус. нар. песни
461 Уровень набора _0
1 001RU/УОНБ/EK_N/342966593
1 200
a Концертные пьесы для баяна
b [Ноты]
v Вып. 37
1 210
a М.
c Сов. композитор
d 1966 -
1 225
a Баян
464 Аналитический уровень _0
1 2001
a Веселый поезд
e из муз. к к/ф "Первая перчатка"
1 700 1
a Соловьев-Седой
b Н.
1 50010
a Первая перчаткаМихайлов А. Волжские напевы
464 Аналитический уровень _0
1 2001
a Половецкая пляска
e из оперы "Князь Игорь"
1 700 1
a Бородин
b А.
1 50010
a Князь Игорь
464 Аналитический уровень _0
1 2001
a Скерцо
1 700 1
a Мусоргский
b М.
464 Аналитический уровень _0
1 2001
a Полет шмеля
e из оперы "Сказка о царе Салтане"
1 700 1
a Римский-Корсаков
b Н.
1 50010
a Сказка о царе Салтане
464 Аналитический уровень _0
1 2001
a Парафраз на тему русской народной песни "Канава"
1 700 1
a Иванов
b В.
1 50010
a Канава
464 Аналитический уровень _0
1 2001
a Вальс № 7
1 700 1
a Шопен
b Ф.
464 Аналитический уровень _0
1 2001
a Славянский танец
1 700 1
a Дворжак
b А.
464 Аналитический уровень _0
1 2001
a Прелюдия и фуга
1 700 1
a Сейбер
b М.
464 Аналитический уровень _0
1 2001
a Перевоз Дуня держала
e рус. нар. песня
1 702 1
a Шендерев
b Г.
4 030
464 Аналитический уровень _0
1 2001
a Волжские напевы
1 700 1
a Михайлов
b А.
464 Аналитический уровень _0
1 2001
a Пивна ягода
e рус. нар. песня
1 702 1
a Шендерев
b Г.
4 030
512 Заглавие обложки 1_
a Заглавие обложки Концертные пьесы для баяна
606 Тематические рубрики 0_
a Основная рубрика Баян
x Основная подрубрика Концертные пьесы
610 Ключевые слова 0_
a Ключевые слова концертные пьесы
610 Ключевые слова 0_
a Ключевые слова баян
610 Ключевые слова 0_
a Ключевые слова отрывки из опер
686 Индексы других классификаций __
a Классификационный индекс 85.954.6я43
2 Код системы rubbk
702 Вторичная интеллектуальная ответственность _1
a Фамилия Панкин
b Имя (инициалы) М.
4 Код отношения 030
801 Источник записи _0
a Страна RU
b Организация Ульяновская ОНБ
c Дата составления 20170607
g Правила каталогизации RCR
801 Источник записи _1
a Страна RU
b Организация IS
c Дата составления 20170607
g Правила каталогизации RCR
901 Тип документа __
t Тип документа n
w Контрольный № источника RU/УОНБ/EK_N/342966593
909 Создатель записи __
a Создатель записи Лобина Л. И.
910 Корректоры записи __
a Корректор записи Васина
938 Служебная информация __
a Имя БД noti
b Имя библиотеки УОНБ
c Имя АИБС МАРК-SQL
d Номер DOC_ID в БД 8286